| 000 | 00000nas 2200000zi 4500 |
| 001 | 9.931865 |
| 003 | CaOODSP |
| 005 | 20240103131133 |
| 006 | m o d f |
| 007 | cr ||||||||||| |
| 008 | 231229d19591999oncar p o f0###a0fre|d |
| 040 | |aCaOODSP|bfre|erda|cCaOODSP |
| 041 | |aeng|afre |
| 043 | |an-cn--- |
| 086 | 1 |aW91-PDF |
| 110 | 1 |aCanada. |bCommission de la Capitale nationale, |eauteur, |eorganisme de publication. |
| 245 | 10|a... annual report / |cCommission de la Capitale nationale. |
| 246 | 33|aRapport annuel ... |
| 246 | 33|aRapport annuel de la Commission de la Capitale nationale |
| 246 | 3 |iLivraison de 1987/1988 comport le titre : |aRétrospective de l'année |
| 264 | 1|aOttawa : |bCommission de la Capitale nationale, |c[1960-1999] |
| 310 | |aAnnuel |
| 336 | |atexte|btxt|2rdacontent/fre |
| 337 | |ainformatique|bc|2rdamedia/fre |
| 338 | |aressource en ligne|bcr|2rdacarrier/fre |
| 362 | 1 |aParaît depuis : 1959/1960; ne paraît plus après : 1998/1999. |
| 500 | |aÉdition numérosée de l'imprimée [Commission de la Capitale nationale]. |
| 500 | |aTitre pris sur la couverture. |
| 500 | |a« Capitale nationale, on s'y retrouve » --couverture (1990-1992). |
| 515 | |aL'année d'activité se termine le 31 mars. |
| 546 | |aTexte en anglais et en français (1965/1966 et 1966/1967 disponible en anglais seulement). |
| 588 | |aDescription d'après : 1959/1960. |
| 588 | |aDernière livraison consultée : 1998/1999. |
| 610 | 16|aCanada. |bCommission de la Capitale nationale|vPériodiques. |
| 650 | 6|aUrbanisme|zCapitale nationale, Région de la (Ont. et Québec)|vPériodiques. |
| 651 | 6|aCapitale nationale, Région de la (Ont. et Québec) |
| 655 | 7|aPériodiques|2rvmgf |
| 780 | 00|tRapport annuel ... / |w(CaOODSP)9.931879 |
| 785 | 00|tRapport annuel |w(CaOODSP)9.502198 |
| 791 | |t... annual report / |eeng|w(CaOODSP)9.931862 |